[Event "IECC CL1-2007.07 email"]
[Site "IECC email"]
[Date "2007.10.27"]
[Round "?"]
[White "Hernandez, Juan Eduardo"]
[Black "Teixeira, Ricardo"]
[Result "0-1"]
[WhiteElo "2244"]
[BlackElo "2114"]
[PlyCount "82"]
[EventDate "2007.??.??"]
[EventType "tourn (corr)"]
[EventRounds "4"]
[SourceTitle "Corr 2015"]
[Source "ChessBase"]
[SourceDate "2015.07.17"]
[SourceVersion "1"]
[SourceVersionDate "2015.07.17"]
[SourceQuality "1"]
[WhiteTeam "Chile"]
[BlackTeam "Portugal"]
[WhiteTeamCountry "CHI"]
[BlackTeamCountry "POR"]

1. e4 c5 2. Nf3 Nc6 3. d4 cxd4 4. Nxd4 g6 5. c4 Nf6 6. Nc3 d6 7. Nc2 Bg7 8. Be2 Nd7 9. Bd2 0-0 10. 0-0 Nc5 11. b4 Bxc3 12. Bxc3 Nxe4 13. Bb2 Qb6 14. b5 Ne5 15. Ne3 Be6 16. Bd4 Qa5 17. Rc1 Nd7 18. Qc2 f5 19. Nd5 Bxd5 20. cxd5 Rac8 21. Qb2 Nb6 22. Rfe1 Kf7 23. g4 Rg8 24. Kh1 Na4 25. Qb3 Rxc1 26. Rxc1 Qd2 27. Qd1 Qxd1+ 28. Bxd1 Nac5 29. gxf5 gxf5 30. Bh5+ Kf8 31. Be2 b6 32. f3 Nf6 33. Bc4 Kf7 34. Rc3 Rc8 35. Kg2 Kg6 36. Kg1 Ncd7 37. Kg2 Ne5 38. Bb3 Rxc3 39. Bxc3 Nd3 40. Bd2 Ne8 41. Kf1 Nc7 0-1